000 00849nam a2200241Ia 4500
005 20170803104428.0
010 _aBAC-CH25
020 _a9780143331650
_c250.00
035 _aG-003126
035 _aB-557347-346
035 _aB-667208
037 _bAakar/Ven
_adpl
082 _aS
100 _a Karim, Sheba
245 _aSkunk Girl /
_cby Sheba Karim
260 _aNew delhi
_bPuffin Books
_c2011
270 _a11 Community Centre, Panchsheel Park
_bNew Delhi
_e1100017, India
300 _a232p.
_c19cm(pbk)
942 _cCH
_2ddc
_mKAR
_hS
999 _c85645
_d85645